| 000 | 00521cam a22001815a 4500 | ||
|---|---|---|---|
| 001 | L155962 | ||
| 008 | 120423s1867 xxk f 000 0 eng d | ||
| 035 | _a(Sirsi) u155962 | ||
| 041 | 0 | _aeng | |
| 100 | 1 |
_aLatham, Francis Law _d1837-1923 |
|
| 245 | 0 | 2 | _aA treatise on the law of window lights |
| 260 |
_aLondon _bButterworths _c1867 |
||
| 300 |
_axvii, 253 p. _c20 cm. |
||
| 583 |
_aCondition reviewed _c20120620 _lcondition level 1 |
||
| 651 | 4 |
_aGreat Britain _y1707- |
|
| 690 |
_aRights of light _96267 |
||
| 942 | _n0 | ||
| 999 |
_c113947 _d113947 |
||